|
|
|
|
| LEADER |
01249nam a2200313 a 4500 |
| 001 |
28958 |
| 003 |
BD-DhAAL |
| 005 |
20150311123903.0 |
| 008 |
150311s1995 enkab b 001 0 eng |
| 010 |
|
|
|a 94043757
|
| 020 |
|
|
|a 0415015960
|
| 020 |
|
|
|a 9780415015967 (pbk)
|
| 020 |
|
|
|a 9780415015950 (hbk)
|
| 040 |
|
|
|a DLC
|c DLC
|d DLC
|d BD-DhAAL
|
| 043 |
|
|
|a aw-----
|a e------
|a ff-----
|
| 050 |
0 |
0 |
|a DG233
|b .C67 1995
|
| 082 |
0 |
0 |
|a 937.01
|2 20
|
| 100 |
1 |
|
|a Cornell, Tim.
|9 9423
|
| 245 |
1 |
4 |
|a The beginnings of Rome :
|b Italy and Rome from the Bronze Age to the Punic Wars (c. 1000-264 BC) /
|c T.J. Cornell.
|
| 260 |
|
|
|a London ;
|a New York :
|b Routledge,
|c 1995.
|
| 300 |
|
|
|a xx, 507 p. :
|b ill., maps ;
|c 23 cm.
|
| 490 |
|
0 |
|a Routledge history of the ancient world
|
| 504 |
|
|
|a Includes bibliographical references (p. 472-491) and index.
|
| 541 |
|
|
|e 28958
|
| 651 |
|
0 |
|a Rome
|x History
|y Kings, 753-510 B.C.
|9 9424
|
| 856 |
4 |
2 |
|3 Publisher description
|u http://www.loc.gov/catdir/enhancements/fy0648/94043757-d.html
|
| 942 |
|
|
|2 ddc
|c BK
|
| 999 |
|
|
|c 33979
|d 33979
|
| 952 |
|
|
|0 0
|1 0
|2 ddc
|4 0
|6 937_010000000000000_COR
|7 0
|9 53030
|a BRACUL
|b BRACUL
|c GEN
|d 2015-03-11
|e Trim Education
|g 2934.00
|l 4
|m 10
|o 937.01 COR
|p 3010028958
|r 2025-05-22
|s 2025-03-05
|t 1
|w 2015-03-11
|y BK
|